A propos du siège de Constantinople d'après le Seyāhatnāme d'Evliyā Čelebī rectification du texte de l'édition Iḳdam d'après le manuscrit de Vienne (Österr. Nat. Bibl.-Mixt. 1382) /

Elmentve itt :
Bibliográfiai részletek
Szerző: Turková Helena
Dokumentumtípus: Cikk
Megjelent: 1956
Sorozat:Byzantinoslavica : Revue internationale des études byzantines
Kulcsszavak:Evlija Cselebi, Konstantinápoly története
Tárgyszavak:
Online Access:http://misc.bibl.u-szeged.hu/65135
LEADER 00998nab a2200241 i 4500
001 misc65135
005 20230512102203.0
008 230330s1956 hu o 0|| fre d
022 |a 0007-7712 
040 |a SZTE Miscellanea Repozitórium  |b hun 
041 |a fre 
100 1 |a Turková Helena 
245 1 2 |a A propos du siège de Constantinople d'après le Seyāhatnāme d'Evliyā Čelebī   |h [elektronikus dokumentum] :  |b rectification du texte de l'édition Iḳdam d'après le manuscrit de Vienne (Österr. Nat. Bibl.-Mixt. 1382) /  |c  Turková Helena 
260 |c 1956 
300 |a 125-127  |c 24 cm 
300 |a [3] p.  |c 24 cm 
490 0 |a Byzantinoslavica : Revue internationale des études byzantines 
561 |a Németh Gyula hagyaték 
591 |a NOA 6205 
650 4 |a Bölcsészettudományok 
650 4 |a Történettudomány és régészet 
695 |a Evlija Cselebi, Konstantinápoly története 
856 4 0 |u http://misc.bibl.u-szeged.hu/65135/1/6205_noa.pdf  |z Dokumentum-elérés